| 000 | 00880nam a2200265Ia 4500 | ||
|---|---|---|---|
| 003 | OSt | ||
| 005 | 20221005082958.0 | ||
| 006 | a|||||r|||| 00| 0 | ||
| 007 | ta | ||
| 008 | 221004b |||||||| |||| 00| 0 eng d | ||
| 020 |
_a9788179932247 (hbk) _c450 |
||
| 024 | _a101430 | ||
| 037 |
_b2123, 26/03/2010, Pioneer Books Distributors _cTextual |
||
| 040 |
_aCRL _cCRL _beng |
||
| 041 |
_2eng _aeng |
||
| 082 | _aG:55.2, P9 | ||
| 100 |
_aSomayaji Sakarama Ed. _930433 |
||
| 245 | 0 |
_aEnvironmental concerns and sustainable development _b Some perspectives from India |
|
| 260 |
_aNew Delhi _bTeri Press India _c2009 |
||
| 300 |
_axiv,338p. _ccm. |
||
| 650 | _aBIOLOGY | ||
| 700 | _a Somayaji Ganesha Ed. | ||
| 942 |
_hG:55.2, P9 _cTEXL _2cc |
||
| 999 |
_c990114 _d990114 |
||